|
|
|
|
| LEADER |
00000nab a2200000 a 4500 |
| 001 |
vtls000268494 |
| 003 |
SK-MaSNL |
| 005 |
20260304022233.0 |
| 008 |
160204c1986 xo 0 slo |
| 015 |
|
|
|a SNBRA19rr/mm-uuuuu
|
| 035 |
|
|
|a CL0278608
|
| 040 |
|
|
|a SNKBUCL
|b slo
|c SNKBUCL
|e AACR2
|
| 041 |
0 |
|
|a slo
|
| 044 |
|
|
|a xo
|c SK
|
| 080 |
|
|
|a 658.562.6:338.53
|2 1981
|
| 080 |
|
|
|a 338.53
|2 1981
|
| 100 |
1 |
|
|a Mikulič, Kamil
|4 aut
|9 370228
|
| 245 |
1 |
0 |
|a Perspektívy využívania cien pri stimulácii zvyšovania akosti výrobkov
|c Kamil Mikulič
|
| 300 |
|
|
|b Lit. 10 zázn. v slov., češ., ruš.
|
| 650 |
0 |
7 |
|a kvalita výrobkov
|2 snkbucl
|9 30963
|
| 650 |
0 |
7 |
|a ceny
|2 snkbucl
|9 2113
|
| 655 |
|
7 |
|a články zo zborníkov
|2 snkbucl
|9 166140
|
| 773 |
0 |
|
|t Zvyšovanie akosti výrobkov a efektívnosť
|d Bratislava : Dom techniky ČSVTS, 1986
|
| 850 |
|
|
|a Slovenská národná knižnica v Martine
|a MTA001
|
| 852 |
|
|
|a SNK
|b KIS3GCP
|
| 958 |
|
|
|a NB
|
| 958 |
|
|
|a RK
|
| 992 |
|
|
|a RZB
|
| 999 |
|
|
|c 2610285
|d 2612215
|